000 00271nam a22001217a 4500
003 OSt
008 221123b |||||||| |||| 00| 0 eng d
041 _aeng
082 _a361
_bJAW/SO
100 _aJawaharlal Nehru
_94820
245 _aSocial welfare in india
942 _cBK
999 _c17586
_d17586